000 00313nam a22001457a 4500
008 210310b ||||| |||| 00| 0 eng d
020 _a9781464169076
041 _aeng
080 _26th
_a541
082 _a541
100 _a12
101 _aKIM
245 _aChemical Principles
_cAtkins, P
942 _2udc
_cBK
999 _c56181
_d56181